[Event "Olimpiada Dresden 2008 Femenina"]
[Site "Dresden GER"]
[Date "2008.11.20"]
[Round "7.41"]
[White "Rivera, Daisy"]
[Black "Da Bosco, Carla"]
[Result "1-0"]
[WhiteElo "2073"]
[BlackElo "1966"]
[PlyCount "113"]
[EventDate "2008.11.13"]
[EventType "team-tourn"]
[EventRounds "11"]
[EventCountry "GER"]
[Source "lmi"]
[SourceDate "2008.11.13"]
[WhiteTeam "Filipinas"]
[BlackTeam "Costa Rica"]
[WhiteTeamCountry "PHI"]
[BlackTeamCountry "CRI"]

1. e4 e6 2. d4 d5 3. Nc3 dxe4 4. Nxe4 Nd7 5. Nf3 Ngf6 6. Bg5 Be7 7. Ng3 h6 8.
Bf4 Nd5 9. Bd2 c5 10. c3 Qc7 11. Bd3 Nf4 12. Bxf4 Qxf4 13. O-O O-O 14. Rc1 Qc7
15. Re1 Nf6 16. Bb1 b6 17. Ne5 Nd5 18. Qd3 f5 19. Ng6 Rf7 20. Nh5 Bg5 21. Rcd1
c4 22. Qe2 b5 23. h4 Bf4 24. g3 Bd6 25. Ne5 Bxe5 26. Qxe5 Qxe5 27. Rxe5 Bd7 28.
Nf4 Nxf4 29. gxf4 Rf6 30. d5 a6 31. dxe6 Bxe6 32. f3 Kf7 33. Kf2 Ke7 34. Bc2
Rd8 35. a4 Rxd1 36. Bxd1 bxa4 37. Bxa4 Kd6 38. Ra5 Bc8 39. Re5 Be6 40. Ke3 Rf8
41. Ra5 Ra8 42. Kd4 Ke7 43. Ke5 Rd8 44. Bc6 Rd2 45. Rxa6 Re2+ 46. Be4 Bd7 47.
Rg6 fxe4 48. Rxg7+ Kf8 49. Rxd7 exf3+ 50. Kf6 f2 51. Rd8+ Re8 52. Rd1 Rb8 53.
f5 Ke8 54. Rf1 Rxb2 55. Kg7 h5 56. f6 Rb7+ 57. Kg8 1-0

[Event "Olimpiada Dresden 2008 Femenina"]
[Site "Dresden GER"]
[Date "2008.11.20"]
[Round "7.41"]
[White "Trejos PÃ©rez, Shirley Patricia"]
[Black "Camacho, Chardine Cheradee"]
[Result "0-1"]
[WhiteElo "2052"]
[BlackElo "2100"]
[PlyCount "124"]
[EventDate "2008.11.13"]
[EventType "team-tourn"]
[EventRounds "11"]
[EventCountry "GER"]
[Source "lmi"]
[SourceDate "2008.11.13"]
[WhiteTeam "Costa Rica"]
[BlackTeam "Filipinas"]
[WhiteTeamCountry "CRI"]
[BlackTeamCountry "PHI"]

1. f4 d5 2. Nf3 Nf6 3. g3 e6 4. Bg2 Bd6 5. O-O c5 6. d3 Qb6 7. Qe1 Bd7 8. a4
Bc6 9. Kh1 Nbd7 10. Nbd2 O-O-O 11. e4 Ng4 12. e5 Be7 13. Nb3 h5 14. h3 Nh6 15.
Bd2 Rdg8 16. d4 Nf5 17. dxc5 Nxc5 18. Ba5 Qa6 19. Nxc5 Bxc5 20. b4 b6 21. bxc5
Qxa5 22. cxb6 Qxe1 23. Rfxe1 axb6 24. Kh2 Kc7 25. Rec1 Ne3 26. Nd4 Nc4 27. Rcb1
Ra8 28. Rb4 Bd7 29. Bf3 Ra5 30. Be2 Rha8 31. Bxh5 g6 32. Be2 Rxa4 33. Raxa4
Rxa4 34. Rxa4 Bxa4 35. g4 Ne3 36. Bd3 Kd7 37. Kg3 Ke7 38. h4 Kf8 39. h5 gxh5
40. gxh5 Kg7 41. c3 Kh6 42. Kf3 Nc4 43. Bxc4 dxc4 44. Ke4 Kxh5 45. f5 Bd7 46.
fxe6 fxe6 47. Nc2 Kg5 48. Kd4 Kf4 49. Ne3 b5 50. Nc2 Be8 51. Nb4 Bg6 52. Nc6
Be4 53. Na7 Bd3 54. Nxb5 Bf1 55. Nd6 Be2 56. Nxc4 Bxc4 57. Kxc4 Kxe5 58. Kc5
Kf4 59. Kd4 e5+ 60. Kd3 Kf3 61. c4 e4+ 62. Kd2 Kf2 0-1

[Event "Olimpiada Dresden 2008 Femenina"]
[Site "Dresden GER"]
[Date "2008.11.20"]
[Round "7.42"]
[White "Colombo, Camila"]
[Black "Melnik, Galina"]
[Result "1-0"]
[WhiteElo "2071"]
[BlackElo "2062"]
[PlyCount "145"]
[EventDate "2008.11.13"]
[EventType "team-tourn"]
[EventRounds "11"]
[EventCountry "GER"]
[Source "lmi"]
[SourceDate "2008.11.13"]
[WhiteTeam "Uruguay"]
[BlackTeam "Rusia"]
[WhiteTeamCountry "URU"]
[BlackTeamCountry "RUS"]

1. d4 d5 2. c4 e6 3. Nc3 Nf6 4. Nf3 Nbd7 5. Bg5 Be7 6. e3 c6 7. cxd5 exd5 8.
Bd3 O-O 9. Qc2 Re8 10. O-O Nf8 11. Rab1 h6 12. Bh4 Ne4 13. Bxe7 Qxe7 14. b4 a6
15. Na4 Nd7 16. Nc5 Ndf6 17. Ne5 Nd6 18. a4 Ng4 19. Nxg4 Bxg4 20. b5 axb5 21.
axb5 cxb5 22. Bxb5 Rec8 23. Bd3 Bd7 24. Qe2 b5 25. Nxd7 Qxd7 26. Bxb5 Nxb5 27.
Qxb5 Qxb5 28. Rxb5 Rd8 29. g3 Rd7 30. Rc1 Kf8 31. Rcc5 Rad8 32. Kg2 Ke7 33. Kf3
h5 34. h3 g6 35. g4 hxg4+ 36. Kxg4 Ke6 37. Rc6+ Ke7 38. Rcb6 Rh8 39. Rb7 Rhd8
40. Rxd7+ Rxd7 41. Kf4 f6 42. f3 Ke6 43. Rb6+ Ke7 44. Rb4 Ke6 45. e4 g5+ 46.
Ke3 Rd6 47. Rb5 dxe4 48. fxe4 Ra6 49. Kf3 Ra1 50. Rb6+ Ke7 51. d5 Rf1+ 52. Ke3
Rh1 53. Rb7+ Kd6 54. Rh7 Re1+ 55. Kf3 Rf1+ 56. Ke2 Ra1 57. Rf7 Ra2+ 58. Kf3
Ra3+ 59. Kg4 Ke5 60. Re7+ Kd4 61. d6 Kc5 62. Re6 Kc6 63. Rxf6 Re3 64. Kf5 Rxh3
65. Kxg5 Kd7 66. e5 Rg3+ 67. Kf4 Rg1 68. Rf7+ Ke8 69. Re7+ Kd8 70. Kf5 Rh1 71.
Ke6 Rh6+ 72. Kd5 Rh1 73. Ra7 1-0

[Event "Olimpiada Dresden 2008 Femenina"]
[Site "Dresden GER"]
[Date "2008.11.20"]
[Round "7.42"]
[White "Zykina, Nadezhda"]
[Black "Silva, Natalia"]
[Result "1-0"]
[WhiteElo "2108"]
[BlackElo "2029"]
[PlyCount "99"]
[EventDate "2008.11.13"]
[EventType "team-tourn"]
[EventRounds "11"]
[EventCountry "GER"]
[Source "lmi"]
[SourceDate "2008.11.13"]
[WhiteTeam "Rusia"]
[BlackTeam "Uruguay"]
[WhiteTeamCountry "RUS"]
[BlackTeamCountry "URU"]

1. e4 c5 2. Nc3 e6 3. f4 Nc6 4. Nf3 Nge7 5. Bb5 a6 6. Bxc6 Nxc6 7. O-O d5 8. e5
Be7 9. Kh1 O-O 10. a4 f6 11. d3 Qc7 12. Re1 Bd7 13. Bd2 fxe5 14. fxe5 d4 15.
Ne2 Nxe5 16. Nexd4 Ng4 17. Nxe6 Bxe6 18. Qe2 Rf6 19. h3 Nh6 20. Ng5 Nf5 21. Kg1
Nd4 22. Qh5 Bf5 23. Ne4 Bxe4 24. Rxe4 Rg6 25. Qd5+ Kh8 26. Rf1 Rf6 27. Bf4 Qc6
28. Qh5 Qe8 29. Qd1 Qf7 30. Rfe1 Re6 31. c3 Rxe4 32. Rxe4 Nc6 33. Qe2 Rf8 34.
Bg3 h6 35. Re6 Rd8 36. Kh2 Bg5 37. Qe4 Ne7 38. Re5 Bf6 39. Rxc5 Nc6 40. d4 Re8
41. Qc2 Ne7 42. Rc7 Qd5 43. Qe2 b5 44. Rc5 Qd7 45. axb5 axb5 46. Qxb5 Qd8 47.
Bc7 Qc8 48. d5 Nxd5 49. Bd6 Qxc5 50. Qxe8+ 1-0

[Event "Olimpiada Dresden 2008 Femenina"]
[Site "Dresden GER"]
[Date "2008.11.20"]
[Round "7.42"]
[White "Kaydanovich, Marina"]
[Black "Donatti, Sofia"]
[Result "0-1"]
[WhiteElo "1855"]
[BlackElo "1678"]
[PlyCount "88"]
[EventDate "2008.11.13"]
[EventType "team-tourn"]
[EventRounds "11"]
[EventCountry "GER"]
[Source "lmi"]
[SourceDate "2008.11.13"]
[WhiteTeam "Rusia"]
[BlackTeam "Uruguay"]
[WhiteTeamCountry "RUS"]
[BlackTeamCountry "URU"]

1. e4 c5 2. Nf3 Nc6 3. d4 cxd4 4. Nxd4 Nf6 5. Nc3 e5 6. Ndb5 d6 7. Na3 Be6 8.
Bg5 Be7 9. Bxf6 Bxf6 10. Nd5 Bg5 11. c3 O-O 12. h4 Bh6 13. Nc2 Ne7 14. Bc4 Kh8
15. g4 Bf4 16. h5 Qd7 17. Rg1 Bg5 18. a4 Bxd5 19. Bxd5 g6 20. a5 Nxd5 21. Qxd5
Rac8 22. Nb4 Rc5 23. Qd3 Be7 24. Nd5 Kg7 25. b4 Rcc8 26. Ke2 h6 27. a6 b6 28.
b5 Rc5 29. Rab1 gxh5 30. gxh5+ Bg5 31. Rg3 f5 32. c4 Qf7 33. f4 exf4 34. Nxf4
fxe4 35. Qd4+ Kg8 36. Ng6 Qf6 37. Qxf6 Rxf6 38. Rb4 Kf7 39. Rg4 e3 40. Re4 Rf2+
41. Ke1 Rcf5 42. Rb3 e2 43. Rg3 Rh2 44. Rgg4 Rf1# 0-1

[Event "Olimpiada Dresden 2008 Femenina"]
[Site "Dresden GER"]
[Date "2008.11.20"]
[Round "7.47"]
[White "Mudongo, Boikhutso"]
[Black "Mona, Khaled"]
[Result "1-0"]
[WhiteElo "1917"]
[BlackElo "1967"]
[PlyCount "119"]
[EventDate "2008.11.13"]
[EventType "team-tourn"]
[EventRounds "11"]
[EventCountry "GER"]
[Source "lmi"]
[SourceDate "2008.11.13"]
[WhiteTeam "Botswana"]
[BlackTeam "Egipto"]
[WhiteTeamCountry "BOT"]
[BlackTeamCountry "EGY"]

1. e4 e5 2. Nf3 Nc6 3. Bc4 Bc5 4. d3 d6 5. c3 Nf6 6. Bg5 h6 7. Bh4 g5 8. Bg3
Bg4 9. Nbd2 Qd7 10. b4 Bb6 11. Qb3 a6 12. h3 Bh5 13. Nf1 Ne7 14. a4 c6 15. Qc2
Bxf3 16. gxf3 Nh5 17. h4 Ng6 18. O-O-O Bd8 19. hxg5 Bxg5+ 20. Kb2 Nhf4 21. Ne3
b5 22. Bb3 a5 23. Ra1 axb4 24. cxb4 O-O 25. Nf5 Kh7 26. Bxf4 Nxf4 27. Rag1 Rg8
28. Rxg5 Rxg5 29. Rxh6+ Kg8 30. Rf6 Rf8 31. Bxf7+ Rxf7 32. Nh6+ Kh8 33. Nxf7+
Kg7 34. Rxf4 exf4 35. Nxg5 Kh6 36. Nf7+ Kg7 37. Nd8 Qxd8 38. Qxc6 bxa4 39. Qxa4
Qf6+ 40. Kc2 Qd4 41. Qd7+ Kh8 42. Qd8+ Kh7 43. Qh4+ Kg8 44. Qxf4 Qxf2+ 45. Kc3
Qe1+ 46. Qd2 Qa1+ 47. Kc4 Qa6+ 48. b5 Qa4+ 49. Qb4 Qc2+ 50. Qc3 Qa4+ 51. Kd5
Qxb5+ 52. Kxd6 Qa6+ 53. Kd5 Qb7+ 54. Kd4 Qg7+ 55. e5 Qg1+ 56. Kd5 Qe3 57. Qc8+
Kh7 58. Qf5+ Kg8 59. e6 Qa7 60. Qf7+ 1-0

[Event "Olimpiada Dresden 2008 Femenina"]
[Site "Dresden GER"]
[Date "2008.11.20"]
[Round "7.48"]
[White "Mezioud, Amina"]
[Black "Zsiltzova-Lisenko, Lubov"]
[Result "0-1"]
[WhiteElo "2028"]
[BlackElo "2265"]
[PlyCount "128"]
[EventDate "2008.11.13"]
[EventType "team-tourn"]
[EventRounds "11"]
[EventCountry "GER"]
[Source "lmi"]
[SourceDate "2008.11.13"]
[WhiteTeam "Argelia"]
[BlackTeam "Ucrania"]
[WhiteTeamCountry "ALG"]
[BlackTeamCountry "UKR"]

1. e4 c5 2. Nf3 Nc6 3. d4 cxd4 4. Nxd4 Qb6 5. Nb3 Nf6 6. Nc3 e6 7. Be3 Qc7 8.
a3 a6 9. Be2 Be7 10. f4 d6 11. O-O O-O 12. Bf3 Rb8 13. Qe2 b5 14. Qf2 b4 15.
axb4 Nxb4 16. Rfd1 e5 17. f5 d5 18. exd5 Bxf5 19. Rac1 Bd6 20. Nc5 e4 21. N5xe4
Nxe4 22. Bxe4 Bxe4 23. Nxe4 Bxh2+ 24. Kh1 Be5 25. c4 h6 26. Bd4 Rfe8 27. Bxe5
Qxe5 28. Ng3 Qg5 29. Rc3 Rbd8 30. Rf1 f6 31. Nf5 Re5 32. d6 Nc6 33. Rh3 Kf8 34.
c5 Rd5 35. Kg1 Re8 36. Rb3 Ree5 37. Ne7 Nxe7 38. dxe7+ Rxe7 39. c6 Rc5 40. Qf3
Qe5 41. Rd1 Rc2 42. Rbd3 Qc5+ 43. Kh1 Qxc6 44. Rd8+ Kf7 45. Qb3+ Qc4 46. Qh3
Rce2 47. Qh5+ g6 48. Qd5+ Qxd5 49. R1xd5 Rxb2 50. Ra5 Rb6 51. Ra8 g5 52. R8xa6
Rxa6 53. Rxa6 h5 54. Kg1 Re2 55. Kf1 Rb2 56. Rc6 Kg6 57. Rc5 h4 58. Rd5 f5 59.
Kg1 f4 60. Rc5 Kh5 61. Rc3 Kg4 62. Rd3 Re2 63. Kh2 Re3 64. Rd5 h3 0-1

[Event "Olimpiada Dresden 2008 Femenina"]
[Site "Dresden GER"]
[Date "2008.11.20"]
[Round "7.48"]
[White "Latreche, Khadidja"]
[Black "Stolarczyk, Anna"]
[Result "0-1"]
[WhiteElo "1819"]
[BlackElo "2001"]
[PlyCount "74"]
[EventDate "2008.11.13"]
[EventType "team-tourn"]
[EventRounds "11"]
[EventCountry "GER"]
[Source "lmi"]
[SourceDate "2008.11.13"]
[WhiteTeam "Argelia"]
[BlackTeam "Polonia"]
[WhiteTeamCountry "ALG"]
[BlackTeamCountry "POL"]

1. e4 c5 2. Nf3 d6 3. d4 cxd4 4. Nxd4 Nf6 5. Nc3 a6 6. a4 e5 7. Nb3 Qc7 8. Be2
Be6 9. Be3 b6 10. Nd5 Bxd5 11. exd5 Nbd7 12. Nc1 Be7 13. f3 O-O 14. O-O Ne8 15.
c4 f5 16. Nd3 Nef6 17. f4 g6 18. g3 Ne4 19. Rc1 Bf6 20. fxe5 Nxe5 21. Nf4 Qb7
22. Qb3 Rab8 23. Qd1 Rfe8 24. Ne6 Nc5 25. Nd4 Nxc4 26. Bxc4 Rxe3 27. b4 Nxa4
28. Ne6 b5 29. Bb3 Nc3 30. Qd2 Ne2+ 31. Kf2 Rxb3 32. Rc7 Qb6+ 33. Kxe2 Re8 34.
Qh6 Qxc7 35. Rc1 Rc3 36. Kd2 Rxe6 37. dxe6 Rxc1 0-1

[Event "Olimpiada Dresden 2008 Femenina"]
[Site "Dresden GER"]
[Date "2008.11.21"]
[Round "8.1"]
[White "Zhao, Xue"]
[Black "Zhukova, Natalia"]
[Result "1-0"]
[WhiteElo "2518"]
[BlackElo "2488"]
[PlyCount "53"]
[EventDate "2008.11.13"]
[EventType "team-tourn"]
[EventRounds "11"]
[EventCountry "GER"]
[Source "lmi"]
[SourceDate "2008.11.13"]
[WhiteTeam "China"]
[BlackTeam "Ucrania"]
[WhiteTeamCountry "CHN"]
[BlackTeamCountry "UKR"]

1. d4 d5 2. c4 e6 3. Nf3 Nf6 4. g3 c5 5. cxd5 exd5 6. Bg2 Nc6 7. O-O Be7 8. Nc3
O-O 9. Bg5 c4 10. Ne5 Be6 11. b3 Rc8 12. bxc4 dxc4 13. Rb1 Na5 14. e4 Nd7 15.
Nxd7 Bxd7 16. Bd2 Re8 17. Nd5 Bf8 18. Qh5 b5 19. e5 Bc6 20. Be4 h6 21. Qf5 g6
22. Qf3 f5 23. Bxa5 fxe4 24. Nf6+ Kg7 25. Qc3 b4 26. Qxc4 Bd5 27. Qxd5 1-0

[Event "Olimpiada Dresden 2008 Femenina"]
[Site "Dresden GER"]
[Date "2008.11.21"]
[Round "8.1"]
[White "Ju, Wenjun"]
[Black "Gaponenko, Inna"]
[Result "1/2-1/2"]
[WhiteElo "2397"]
[BlackElo "2473"]
[PlyCount "156"]
[EventDate "2008.11.13"]
[EventType "team-tourn"]
[EventRounds "11"]
[EventCountry "GER"]
[Source "lmi"]
[SourceDate "2008.11.13"]
[WhiteTeam "China"]
[BlackTeam "Ucrania"]
[WhiteTeamCountry "CHN"]
[BlackTeamCountry "UKR"]

1. d4 Nf6 2. c4 e6 3. Nc3 Bb4 4. Qc2 Nc6 5. Nf3 d6 6. g3 O-O 7. a3 Bxc3+ 8.
Qxc3 a5 9. b3 Qe7 10. Bb2 Re8 11. Bg2 e5 12. dxe5 dxe5 13. O-O Bg4 14. Qe3 Nd7
15. h3 Bxf3 16. Qxf3 Nc5 17. Rab1 Nd4 18. Bxd4 exd4 19. Rfe1 c6 20. b4 axb4 21.
axb4 Na4 22. Qd3 Nc3 23. Rb2 Ra2 24. Rxa2 Nxa2 25. Qxd4 Nxb4 26. Qc3 Na6 27.
Bf3 Nc5 28. Rb1 g6 29. h4 h5 30. Kg2 Qe5 31. Qb4 Rd8 32. Qa5 Re8 33. Qb4 Kg7
34. Rd1 Ra8 35. Qd2 Re8 36. Qa2 Qc3 37. e3 Nd3 38. Qa1 Qxa1 39. Rxa1 Kf6 40.
Be2 Nc5 41. Ra5 Nd7 42. g4 hxg4 43. Bxg4 Nb6 44. Ra7 Rb8 45. Be2 Ke6 46. Kg3
Nc8 47. Ra4 Nd6 48. Rb4 Ne4+ 49. Kf4 f5 50. f3 Nc5 51. Rb2 Rh8 52. Kg3 Ra8 53.
Rd2 Ra3 54. Kf2 Ke7 55. Rb2 Ra1 56. Rd2 Ra3 57. Rb2 Rb3 58. Ra2 Nd3+ 59. Bxd3
Rxd3 60. Rb2 Rd7 61. Kg3 Kf6 62. Rb1 Ke5 63. Rb2 Rh7 64. Rd2 b5 65. cxb5 cxb5
66. Rb2 Rb7 67. h5 gxh5 68. Kh4 b4 69. Kxh5 b3 70. Kg6 Rb8 71. Kf7 Rb6 72. Ke7
Kd5 73. Kf7 Kc4 74. e4 fxe4 75. fxe4 Kd4 76. Ke7 Kxe4 77. Kd7 Kd3 78. Kc7 Rb4
1/2-1/2

[Event "Olimpiada Dresden 2008 Femenina"]
[Site "Dresden GER"]
[Date "2008.11.21"]
[Round "8.2"]
[White "Paehtz, Elisabeth"]
[Black "Tsiganova, Monika"]
[Result "1-0"]
[WhiteElo "2471"]
[BlackElo "2208"]
[PlyCount "177"]
[EventDate "2008.11.13"]
[EventType "team-tourn"]
[EventRounds "11"]
[EventCountry "GER"]
[Source "lmi"]
[SourceDate "2008.11.13"]
[WhiteTeam "Alemania"]
[BlackTeam "Estonia"]
[WhiteTeamCountry "GER"]
[BlackTeamCountry "EST"]

1. e4 e5 2. Nf3 Nc6 3. Bc4 Bc5 4. d3 Nf6 5. Bb3 d6 6. c3 a6 7. h3 Ba7 8. Nbd2
h6 9. Nf1 Be6 10. Ng3 d5 11. Qe2 O-O 12. O-O Re8 13. Bc2 b5 14. Rd1 Qd7 15. Kh2
Qe7 16. exd5 Nxd5 17. d4 exd4 18. Qe4 g6 19. Nxd4 Nxd4 20. cxd4 Nf6 21. Qf4 h5
22. Kg1 Rad8 23. Qh4 Nh7 24. Qxe7 Rxe7 25. Be3 Bd5 26. a4 c6 27. axb5 axb5 28.
Ne2 Kg7 29. Nc3 Nf6 30. Ra6 Bb8 31. Bg5 Re6 32. f4 Rde8 33. f5 Rd6 34. fxg6
fxg6 35. Rf1 Nh7 36. Bf4 Rf6 37. Bxb8 Rxb8 38. Nxd5 cxd5 39. Ra7+ Kg8 40. Rxf6
Nxf6 41. Bxg6 b4 42. Bf7+ Kh8 43. Ra6 Kg7 44. Be6 Rb7 45. Rc6 Rb8 46. Kf2 Rb7
47. Kf3 Rb5 48. Kf4 Kg6 49. Bf5+ Kg7 50. Rc7+ Kf8 51. Ke5 Ng8 52. Bg6 Ne7 53.
Bxh5 Ra5 54. Bf3 Ra2 55. Rc2 b3 56. Rf2 Ke8 57. Bd1 Ra5 58. Bxb3 Nc6+ 59. Kd6
Nxd4 60. Bxd5 Nb5+ 61. Ke5 Nc7 62. Rd2 Rb5 63. g4 Kf8 64. Ke4 Nxd5 65. Rxd5
Rxb2 66. h4 Kg7 67. Kf5 Rb7 68. g5 Rf7+ 69. Kg4 Ra7 70. h5 Ra4+ 71. Kf5 Ra7 72.
Ke6 Ra6+ 73. Rd6 Ra5 74. Rd7+ Kg8 75. g6 Ra1 76. Kf6 Ra6+ 77. Kg5 Ra5+ 78. Kh6
Ra8 79. Rd5 Rb8 80. Kg5 Ra8 81. h6 Kh8 82. Rd6 Ra5+ 83. Kf6 Ra8 84. Ke7 Ra7+
85. Rd7 Rxd7+ 86. Kxd7 Kg8 87. Ke7 Kh8 88. Kf6 Kg8 89. g7 1-0

[Event "Olimpiada Dresden 2008 Femenina"]
[Site "Dresden GER"]
[Date "2008.11.21"]
[Round "8.2"]
[White "Gansvind, Valeriya I"]
[Black "Michna, Marta"]
[Result "1-0"]
[WhiteElo "2212"]
[BlackElo "2399"]
[PlyCount "115"]
[EventDate "2008.11.13"]
[EventType "team-tourn"]
[EventRounds "11"]
[EventCountry "GER"]
[Source "lmi"]
[SourceDate "2008.11.13"]
[WhiteTeam "Estonia"]
[BlackTeam "Alemania"]
[WhiteTeamCountry "EST"]
[BlackTeamCountry "GER"]

1. d4 Nf6 2. Bg5 e6 3. Nc3 h6 4. Bxf6 Qxf6 5. e4 d6 6. Qd2 Qe7 7. f4 g6 8. Nf3
Bg7 9. e5 b6 10. Bb5+ c6 11. Be2 d5 12. Nd1 c5 13. c3 Nc6 14. O-O Bd7 15. Rb1
cxd4 16. cxd4 g5 17. Nc3 g4 18. Ne1 f5 19. Nb5 O-O 20. Nd6 Nd8 21. g3 Nf7 22.
Nb5 Rfc8 23. Nc3 Bf8 24. Ba6 Rcb8 25. Qd3 Nd8 26. Nc2 Bc8 27. a3 Bxa6 28. Qxa6
h5 29. Ne3 Qf7 30. Qd3 Nc6 31. Ne2 Ne7 32. Rbc1 Rb7 33. Rc2 h4 34. Rfc1 Ng6 35.
Qd1 Qh7 36. Qf1 Rd8 37. Rc6 Re8 38. Nc3 Qh5 39. Ncxd5 exd5 40. Nxd5 Bg7 41. Qc4
Kh8 42. Nc7 Rg8 43. Rc2 Nxf4 44. gxf4 Bh6 45. Qe6 Bxf4 46. Qf6+ Rg7 47. Ne6
Be3+ 48. Kh1 Rbf7 49. Nxg7 Rxg7 50. Rc7 Bh6 51. Rxg7 Bxg7 52. Rc8+ Kh7 53. Rc7
Qg6 54. Qxh4+ Kg8 55. Rc8+ Bf8 56. Qd8 Qh6 57. Qd5+ Kh7 58. Qf7+ 1-0

[Event "Olimpiada Dresden 2008 Femenina"]
[Site "Dresden GER"]
[Date "2008.11.21"]
[Round "8.4"]
[White "Vajda, Szidonia"]
[Black "Rajlich, Iweta"]
[Result "0-1"]
[WhiteElo "2380"]
[BlackElo "2404"]
[PlyCount "56"]
[EventDate "2008.11.13"]
[EventType "team-tourn"]
[EventRounds "11"]
[EventCountry "GER"]
[Source "lmi"]
[SourceDate "2008.11.13"]
[WhiteTeam "Hungría"]
[BlackTeam "Polonia"]
[WhiteTeamCountry "HUN"]
[BlackTeamCountry "POL"]

1. e4 e6 2. Nf3 d5 3. Nc3 d4 4. Ne2 c5 5. d3 Nc6 6. g3 g6 7. Bg2 Bg7 8. O-O
Nge7 9. a4 a6 10. Nd2 Na5 11. f4 f5 12. Nc4 Nxc4 13. dxc4 Bd7 14. exf5 Nxf5 15.
Bxb7 Nd6 16. Bg2 Nxc4 17. c3 Rb8 18. b3 Na5 19. b4 cxb4 20. cxb4 Rxb4 21. Ra2
Nc4 22. Kh1 Qb6 23. a5 Qd6 24. Qd3 O-O 25. Rc2 Bb5 26. Nc3 dxc3 27. Qxd6 Nxd6
28. Ba3 Bxf1 0-1

[Event "Olimpiada Dresden 2008 Femenina"]
[Site "Dresden GER"]
[Date "2008.11.21"]
[Round "8.4"]
[White "Zawadzka, Jolanta"]
[Black "Madl, Ildiko"]
[Result "1/2-1/2"]
[WhiteElo "2378"]
[BlackElo "2376"]
[PlyCount "70"]
[EventDate "2008.11.13"]
[EventType "team-tourn"]
[EventRounds "11"]
[EventCountry "GER"]
[Source "lmi"]
[SourceDate "2008.11.13"]
[WhiteTeam "Polonia"]
[BlackTeam "Hungría"]
[WhiteTeamCountry "POL"]
[BlackTeamCountry "HUN"]

1. e4 c5 2. Nf3 g6 3. d4 Bg7 4. d5 Nf6 5. Nc3 d6 6. Bb5+ Bd7 7. a4 O-O 8. O-O
Bxb5 9. axb5 Nbd7 10. Qe2 Nb6 11. h3 Qd7 12. Bf4 Ne8 13. e5 Nc7 14. Rfd1 a6 15.
bxa6 Rxa6 16. Rxa6 bxa6 17. Bg3 Rd8 18. Qe4 Qf5 19. Qxf5 gxf5 20. exd6 exd6 21.
Nh4 Bxc3 22. bxc3 f4 23. Bxf4 Nbxd5 24. Bd2 c4 25. Nf5 Nb5 26. Kf1 f6 27. Be1
Ndxc3 28. Bxc3 Nxc3 29. Rxd6 Rb8 30. g4 a5 31. Ra6 Rb1+ 32. Kg2 a4 33. Nd6 Rb2
34. Nxc4 Rxc2 35. Ra7 Ne4 1/2-1/2

[Event "Olimpiada Dresden 2008 Femenina"]
[Site "Dresden GER"]
[Date "2008.11.21"]
[Round "8.6"]
[White "Dzagnidze, Nana"]
[Black "Smokina, Karolina"]
[Result "1-0"]
[WhiteElo "2503"]
[BlackElo "2235"]
[PlyCount "75"]
[EventDate "2008.11.13"]
[EventType "team-tourn"]
[EventRounds "11"]
[EventCountry "GER"]
[Source "lmi"]
[SourceDate "2008.11.13"]
[WhiteTeam "Georgia"]
[BlackTeam "Moldavia"]
[WhiteTeamCountry "GEO"]
[BlackTeamCountry "MDA"]

1. d4 d5 2. c4 c6 3. Nf3 Nf6 4. Nc3 a6 5. c5 Nbd7 6. g3 g6 7. Bg2 Bg7 8. O-O
O-O 9. Qc2 Re8 10. Rd1 e5 11. dxe5 Ng4 12. e4 Ngxe5 13. exd5 Nxf3+ 14. Bxf3 Ne5
15. Be2 Bf5 16. Qa4 cxd5 17. Rxd5 Qc8 18. Be3 Bd7 19. Qd1 Bc6 20. Rd4 Nd7 21.
Nd5 Bxd4 22. Qxd4 Bxd5 23. Qxd5 Qc6 24. Qxc6 bxc6 25. b4 a5 26. b5 cxb5 27. c6
Ne5 28. Bxb5 a4 29. Rc1 Ra5 30. Be2 Rc8 31. c7 a3 32. Bb6 Ra4 33. Bb5 Rb4 34.
Ba6 Rxb6 35. Bxc8 Nc6 36. Bd7 Ne7 37. c8=Q+ Nxc8 38. Rxc8+ 1-0

[Event "Olimpiada Dresden 2008 Femenina"]
[Site "Dresden GER"]
[Date "2008.11.21"]
[Round "8.6"]
[White "Partac, Elena"]
[Black "Javakhishvili, Lela"]
[Result "0-1"]
[WhiteElo "2168"]
[BlackElo "2473"]
[PlyCount "110"]
[EventDate "2008.11.13"]
[EventType "team-tourn"]
[EventRounds "11"]
[EventCountry "GER"]
[Source "lmi"]
[SourceDate "2008.11.13"]
[WhiteTeam "Moldavia"]
[BlackTeam "Georgia"]
[WhiteTeamCountry "MDA"]
[BlackTeamCountry "GEO"]

1. e4 c5 2. Nc3 Nc6 3. g3 g6 4. Bg2 Bg7 5. d3 Nf6 6. Nge2 O-O 7. O-O Rb8 8. f4
d6 9. h3 Nd7 10. g4 b5 11. Ng3 c4 12. Nce2 cxd3 13. cxd3 Qb6+ 14. Kh2 Ba6 15.
f5 b4 16. g5 Be5 17. Nf4 Qd4 18. Qg4 Rbd8 19. Qh4 Rc8 20. Rf3 Bxf4 21. Rxf4
Nce5 22. Qh6 Nxd3 23. f6 exf6 24. gxf6 Nxf6 25. Nf5 gxf5 26. Rxf5 Ne8 27. Be3
Qxb2 28. Rb1 Qh8 29. Rg5+ Ng7 30. Bd4 Ne5 31. Bxe5 dxe5 32. Qxa6 h6 33. Rg4 h5
34. Rg5 f6 35. Rg6 Kh7 36. Rxf6 Rxf6 37. Qxf6 Qf8 38. Qxe5 Rc2 39. Rb2 Rxb2 40.
Qxb2 Qf4+ 41. Kg1 a5 42. e5 Qe3+ 43. Kh2 Kh6 44. Bd5 Nf5 45. e6 Qg3+ 46. Kh1
Qxh3+ 47. Kg1 Qe3+ 48. Kh2 Kg5 49. Qg2+ Kf6 50. Be4 Qf4+ 51. Kg1 h4 52. Bc2 h3
53. Qe4 h2+ 54. Kg2 h1=Q+ 55. Kxh1 Ng3+ 0-1

[Event "Olimpiada Dresden 2008 Femenina"]
[Site "Dresden GER"]
[Date "2008.11.21"]
[Round "8.7"]
[White "Skripchenko, Almira"]
[Black "Muminova, Nafisa"]
[Result "1/2-1/2"]
[WhiteElo "2455"]
[BlackElo "2240"]
[PlyCount "176"]
[EventDate "2008.11.13"]
[EventType "team-tourn"]
[EventRounds "11"]
[EventCountry "GER"]
[Source "lmi"]
[SourceDate "2008.11.13"]
[WhiteTeam "Francia"]
[BlackTeam "Uzbekistán"]
[WhiteTeamCountry "FRA"]
[BlackTeamCountry "UZB"]

1. e4 e6 2. d3 d5 3. Nd2 Nf6 4. Ngf3 Nc6 5. c3 dxe4 6. dxe4 Bc5 7. Be2 a5 8.
O-O e5 9. Qc2 O-O 10. Nc4 Qe7 11. Bg5 b6 12. a4 Qe6 13. Ne3 Bxe3 14. Bxe3 Ng4
15. Bd2 Qg6 16. Rfe1 Bb7 17. Nh4 Qe6 18. Nf5 Nf6 19. f3 Nh5 20. Bf1 Ne7 21. b4
Bc8 22. bxa5 bxa5 23. Rab1 Qf6 24. Nxe7+ Qxe7 25. Be3 Bd7 26. Bb5 c6 27. Bf1
Nf4 28. Rb7 Qe6 29. Rd1 Bc8 30. Rb6 Qg6 31. Qd2 Qf6 32. Qb2 Ng6 33. Bc5 Rd8 34.
Rxd8+ Qxd8 35. Rxc6 Bd7 36. Rd6 Qc7 37. Qb6 Qxb6 38. Bxb6 Bxa4 39. Rd8+ Rxd8
40. Bxd8 Nf4 41. Bxa5 Kf8 42. Bb4+ Ke8 43. Bc4 Bd7 44. Kf2 Ne6 45. Ke3 g5 46.
Bd6 f6 47. g3 h5 48. Bd5 h4 49. c4 hxg3 50. hxg3 Nd8 51. Ba3 Nc6 52. Bc5 Nd8
53. Kd3 Nc6 54. Kc3 Kd8 55. Kd3 Ke8 56. Bd6 Kd8 57. Ke3 Ke8 58. f4 exf4+ 59.
gxf4 gxf4+ 60. Kxf4 Nd8 61. Ke3 Nc6 62. Kd3 Kd8 63. Kc3 Be8 64. c5 Bd7 65. Kc4
Na7 66. Bf7 Bb5+ 67. Kd4 Bc6 68. Ke3 Nc8 69. Bb8 Kd7 70. Kf4 Ne7 71. Bh5 Nc8
72. Bg4+ Kd8 73. Be6 Ne7 74. Bd6 Nc8 75. Bf8 Bb7 76. Bd5 Ba6 77. c6 Ke8 78. Bc5
Ne7 79. Bxe7 Kxe7 80. Kf5 Bc8+ 81. Kg6 Ba6 82. Kg7 Bb5 83. c7 Ba6 84. Kg6 Bc8
85. Bc6 Kd6 86. Be8 f5 87. exf5 Bxf5+ 88. Kxf5 Kd5 1/2-1/2